| 000 | 01592cam a2200313 a 4500 | ||
|---|---|---|---|
| 999 |
_c1183 _d1183 |
||
| 001 | 006356671 | ||
| 003 | OSt | ||
| 005 | 20220805150438.0 | ||
| 008 | 170106s2016 xxca 001 0 eng d | ||
| 010 | _a2017287016 | ||
| 020 |
_a0147530733 _q(paperback) |
||
| 020 |
_a9780147530738 _q(paperback) |
||
| 035 | _a(OCoLC)ocn952546250 | ||
| 040 |
_aYDXCP _beng _cYDXCP _dBTCTA _dBDX _dJBU _dOCLCF _dTOH _dOCLCQ _dCGP _dDLC _dNCHU _dKH8 _erda |
||
| 042 | _anbic | ||
| 082 | 0 | _a646.7042 LAL | |
| 100 | 1 |
_aLalonde, Estée, _eauthor. |
|
| 245 | 1 | 0 |
_aBloom : _bnavigating life and style / _cEstée Lalonde. |
| 260 |
_aCanada : _bAppetite By Random House, _cc2016. |
||
| 300 |
_a255 pages : _bcolor illustrations ; _c22 cm. |
||
| 336 |
_atext _btxt _2rdacontent. |
||
| 337 |
_aunmediated _bn _2rdamedia. |
||
| 338 |
_avolume _bnc _2rdacarrier. |
||
| 500 | _aIncludes index. | ||
| 520 | _aBloom is about discovering who you are and how you interpret that through the lifestyle choices you make. 'For me, the word 'bloom' encapsulates the idea that anything is possible when you put your mind to it. It's a word that hints at becoming who you are meant to be.' What makes you happy? What makes you you? What defines your style? In Bloom, Estee Lalonde shares the moments, people and things that have made her who she is today. She reveals her life lessons, and offers her tips for surviving life and finding you Celebrate your bloom story and what makes you unique. Life * People * Work * Beauty * Fashion * Home * Travel * Food. | ||
| 650 | 0 | _aBeauty, Personal. | |
| 650 | 0 | _aLifestyles. | |
| 942 |
_2ddc _cNFIC |
||